000
00301nam a22001337a 4500
008
181022b xxu||||| |||| 00| 0 eng d
020
_a
9780323067843
041
_a
eng
080
_2
7th
_a
610.73
100
_a
2
101
_a
INF
245
_a
Fundamentals of Nursing
_c
Potter,P.A
942
_2
udc
_c
BK
999
_c
50457
_d
50457